|
|
|
|
| LEADER |
00000naa a22000002c 4500 |
| 001 |
1780366760 |
| 003 |
DE-627 |
| 005 |
20211205144102.0 |
| 007 |
cr uuu---uuuuu |
| 008 |
211205s1957 xx |||||o 00| ||eng c |
| 035 |
|
|
|a (DE-627)1780366760
|
| 035 |
|
|
|a (DE-599)KXP1780366760
|
| 040 |
|
|
|a DE-627
|b ger
|c DE-627
|e rda
|
| 041 |
|
|
|a eng
|
| 084 |
|
|
|a 1
|2 ssgn
|
| 100 |
1 |
|
|e VerfasserIn
|0 (DE-588)11905373X
|0 (DE-627)079843786
|0 (DE-576)160128544
|4 aut
|a Avîgād, Naḥmān
|d 1905-1992
|
| 109 |
|
|
|a Avîgād, Naḥmān 1905-1992
|a Reiss, Nahman 1905-1992
|a Avîgad, N. 1905-1992
|a Avigad, N. 1905-1992
|a Abīgad, Naḥaman 1905-1992
|a ʾBYGD, N. 1905-1992
|a ʾBYGD, Naḥmān 1905-1992
|a Avigad, Nahman 1905-1992
|a ʾAbigad, Naḥman 1905-1992
|a Avigad, Naḥman 1905-1992
|
| 245 |
1 |
0 |
|a Excavations at Beth She'arim, 1955
|b Preliminary Report
|
| 264 |
|
1 |
|c 1957
|
| 336 |
|
|
|a Text
|b txt
|2 rdacontent
|
| 337 |
|
|
|a Computermedien
|b c
|2 rdamedia
|
| 338 |
|
|
|a Online-Ressource
|b cr
|2 rdacarrier
|
| 773 |
0 |
8 |
|i Enthalten in
|t Israel exploration journal
|d Jerusalem : Soc., 1950
|g 7(1957), 2, Seite 73-92
|h Online-Ressource
|w (DE-627)672808145
|w (DE-600)2638306-8
|w (DE-576)354445006
|7 nnas
|
| 773 |
1 |
8 |
|g volume:7
|g year:1957
|g number:2
|g pages:73-92
|
| 776 |
|
|
|i Erscheint auch als
|n elektronische Ausgabe
|w (DE-627)1780366981
|k Electronic
|
| 856 |
4 |
0 |
|u https://www.jstor.org/stable/27924690
|x Verlag
|z lizenzpflichtig
|3 Volltext
|7 1
|
| 935 |
|
|
|a BIIN
|a mteo
|
| 951 |
|
|
|a AR
|
| BIB |
|
|
|a 1
|
| ELC |
|
|
|a 1
|
| ITA |
|
|
|a 1
|t 1
|
| LOK |
|
|
|0 000 xxxxxcx a22 zn 4500
|
| LOK |
|
|
|0 001 4014499766
|
| LOK |
|
|
|0 003 DE-627
|
| LOK |
|
|
|0 004 1780366760
|
| LOK |
|
|
|0 005 20211205142817
|
| LOK |
|
|
|0 008 211205||||||||||||||||ger|||||||
|
| LOK |
|
|
|0 040
|a DE-Tue135-1
|c DE-627
|d DE-Tue135-1
|
| LOK |
|
|
|0 852
|a DE-Tue135-1
|
| LOK |
|
|
|0 852 1
|m p
|9 00
|
| LOK |
|
|
|0 852 2
|b www
|9 00
|
| LOK |
|
|
|0 85640
|u https://bibsearch.uibk.ac.at/permalink/f/1po5meu/UIB_alma51202936110003333
|
| LOK |
|
|
|0 935
|a inzs
|a inzo
|
| LOK |
|
|
|0 938
|k p
|
| LOK |
|
|
|0 939
|a 05-12-21
|b l01
|
| LOK |
|
|
|0 000 xxxxxcx a22 zn 4500
|
| LOK |
|
|
|0 001 4135631223
|
| LOK |
|
|
|0 003 DE-627
|
| LOK |
|
|
|0 004 1780366760
|
| LOK |
|
|
|0 005 20220518052831
|
| LOK |
|
|
|0 008 220518||||||||||||||||ger|||||||
|
| LOK |
|
|
|0 035
|a (DE-Tue135)IxTheo#2022-05-17#86AD51AB2D4D38451893879AAA434D3D2081DBC5
|
| LOK |
|
|
|0 040
|a DE-Tue135
|c DE-627
|d DE-Tue135
|
| LOK |
|
|
|0 092
|o n
|
| LOK |
|
|
|0 852
|a DE-Tue135
|
| LOK |
|
|
|0 852 1
|9 00
|
| LOK |
|
|
|0 935
|a ixzs
|a ixrk
|a zota
|
| LOK |
|
|
|0 939
|a 18-05-22
|b l01
|
| ORI |
|
|
|a SA-MARC-ixtheoa001.raw
|
| SUB |
|
|
|a BIB
|